Statistics for Football Clubs Luis Suárez Played For

Click here to take the quiz!

General Stats

  • This quiz has been taken 304 times
  • The average score is 6 of 7

Answer Stats

YearsClub% Correct
2014-2020Barcelona
100%
2011-2014Liverpool
99%
2020—Atlético Madrid
93%
2007-2011Ajax
90%
2007—Uruguay
88%
2006-2007Groningen
46%
2005-2006Nacional
39%

Score Distribution

Percentile by Number Answered

Percent of People with Each Score

Your Score History

You have not taken this quiz